000
00295nam a2200109Ia 4500
008
220204s9999 xx 000 0 und d
082
_a
013.79236111
_b
KUL
100
_a
KULSHRESTH, S P
245
0
_a
Labour literature: A bibliography. V 1
260
_a
Delhi
_b
Labour Department
_c
1971
942
_c
BK
999
_c
22384
_d
22384